000 00423nam a22001697a 4500
003 MACL
005 20160730151623.0
008 160730b xxu||||| |||| 00| 0 eng d
040 _cMACL
041 _aEnglish
082 _a920 PIN
100 _aPawar, Daya
_965838
245 _aBaluta
_cDaya Pawar
260 _aNew Delhi
_bSpeaking Tiger Publications
_c2015
650 _aAuto Biography
_914205
942 _2ddc
_cBK
999 _c55370
_d55370